000 00479nam a2200193 a 4500
001 1756807352700
003 ACL
005 20250902153446.0
008 250902s2008##################000#0#eng##
020 _a9781603200080
082 0 4 _a779.9796
_bLOO
100 1 _aIooss, Walter,
_eauthor.
245 1 0 _aSports Illustrated: Athlete :
260 _bSports Illustrated,
_c2008.
300 _a264 pages
650 0 _aPhotography.
942 _cENGLISH
040 _aACL
_beng
_cACL
999 _c585042
_d585042